Bosquejo de su programa de trabajo / Perfeccionamientos Industriales S. A.
Descripción Física:
16 p. ; 21 cm
Materias:
Carbó -- Indústria i comerç
MARC
| LEADER | 00000nam a2200000Ia 4500 | ||
|---|---|---|---|
| 001 | 18271 | ||
| 008 | 160829s1921 xx 000 0 cat d | ||
| 080 | |a RF-2-54 | ||
| 100 | |a Perfeccionamientos Industriales S. A. |9 46641 | ||
| 245 | |a Bosquejo de su programa de trabajo / Perfeccionamientos Industriales S. A. | ||
| 260 | |a Bilbao : |b Bilbaína de Artes Gráficas, |c 1921 | ||
| 300 | |a 16 p. ; |c 21 cm | ||
| 590 | |a A l'avantportada : Memoria. | ||
| 590 | |a Prové de 3217 | ||
| 650 | |a Carbó |x Indústria i comerç |9 46642 | ||
| 856 | 4 | |u https://media.diba.cat/diba/fitxers/arxiu/fulletons/bib_18271_1921_baixa.pdf |y Accés lliure | |
| 856 | 4 | |u https://media.diba.cat/diba/fitxers/arxiu/fulletons/bib_18271_1921_baixa.pdf |y Accés lliure | |
| 901 | |a Arxiu | ||
| 942 | |n 1 |2 udc | ||
| 952 | |0 0 |1 0 |4 0 |6 RF254 |7 1 |9 53348 |a Arxiu |b Arxiu |d 2016-12-01 |l 0 |o RF-2-54 |p 18271 |r 2016-12-01 00:00:00 |w 2016-12-01 |y ARXIU | ||
| 999 | |c 57213 |d 57213 | ||
| 900 | |a bib_18271_1921_baixa.pdf | ||